100 Chanteurs en 20 min - Statistiques

Statistiques générales
  • Ce quiz a été pris 1 813 fois
  • Le résultat moyen est 43 sur 100
Statistiques - réponses
Titre Chanteur % Correct
Qui de nous deux M
94%
Bella Gims
85%
Waka Waka Shakira
82%
Jour 1 Louane
81%
Ma philosophie Amel Bent
80%
Allumer le feu Johnny Hallyday
80%
Il est où le bonheur Christophe Mae
78%
Andalouse Kendji Girac
77%
Shape of You Ed Sheran
76%
Poker face Lady Gaga
76%
Elle me dit Mika
74%
Thriller Michael Jackson
73%
Mistral Gagnant Renaud
73%
La Bohème Aznavour
71%
Jaloux Dadju
71%
All I want for Christmas is you Mariah Carey
71%
La Boulette Diam’s
70%
En feu Soprano
70%
Bohemian Rhapsody Queen
68%
Beau-papa Vianney
68%
Rolling in the Deep Adèle
67%
Toxic Britney Spears
67%
Je l’aime à mourir Cabrel
66%
Elle a les yeux révolvères Marc Lavoine
66%
Je veux Zaz
66%
Coco Caline Julien Doré
65%
Dommage Bigflo et Oli
63%
Trois nuits par semaine Indochine
63%
Aline Christophe
62%
La Grenade Clara Luciani
62%
Il jouait du piano debout France Gall
61%
Encore un soir Celine Dion
60%
Lose Yourself Eminem
60%
Lift me up Rihana
59%
L’Aigle Noir Barbara
58%
Un jour au mauvais endroit Calogero
57%
Despacito Luis Fonsi
52%
Paname Slimane
51%
Savoir aimer Florent Pagny
50%
Les Planètes M. Pokora
50%
Magolias for Ever Claude François
48%
La Isla Bonita Madonna
48%
Rue de la Paix Zazie
46%
Suavemente Soolking
45%
I Will Always Love You Whitney Houston
44%
One last time Ariana Grande
43%
Un jour je marierai un ange Pierre de Maere
43%
Capitaine abandonné Gold
42%
Désolé Sexion d'assaut
41%
Dynamite BTS
39%
PS : Je t'aime Christophe Willem
39%
Il venait d’avoir 18 ans Dalida
39%
Donne-moi le temps Jenifer
39%
Le dernier jour du disco Juliette Armanet
39%
Voilà Barbara Pravi
38%
La bombe humaine Téléphone
35%
Thunderstruck AC DC
34%
Tu m’oublieras Laruso
34%
Léa Louise Attaque
34%
Le vent nous portera Noir Désir
34%
Puisque tu pars Jean-Jacques Goldman
33%
Marcia Baïla Les Rita Mitsouko
31%
Le France Sardou
30%
Kings & Queens Ava Max
28%
Coeur noir Eva
28%
Goodbye my lover James Blunt
28%
I wanna be your slave Maneskin
28%
Premier amour Nour
28%
Mon p’tit loup Sofiane
28%
Anti-Hero Taylor Swift
28%
Entre nous Chimène Badi
27%
Paint The Town Red Doja Cat
27%
Ghost Justin Bieber
27%
Nothing else matters Metallica
25%
Can’t Help Falling in Love Elvis Presley
24%
Charlotte Vitaa
24%
Bailando Enrique Iglesias
23%
Wind of change Scorpions
22%
Et moi, et moi, et moi Dutronc
21%
Adagio Lara Fabian
21%
Angie Rolling Stones
21%
Heart Attack Demi Lovato
20%
abcdefu Gayle
20%
Roméo kiffe Juliette Grand Corps Malade
19%
Dépassé Nuit Incolore
19%
Kill this love Blackpink
18%
Je m’appelle Bagdad Tina Arena
16%
Si je m'en sors Julie Zenatti
15%
Nos souvenirs Jok'air
14%
Bonnie and Clyde Brigitte Bardot
13%
Ma muse Nej
12%
Utile Julien Clerc
11%
Queen of Kings Alessandra
6%
Silence Camélia Jordana
5%
Freeze you out Marina Kaye
5%
Le Folklore américain Sheila
5%
Breakfast Dove Cameron
4%
If It’s Love Sting
4%
Belladonna Suzane
4%
Represailles Sinik
3%
Aucun quiz correspondant
Distribution des résultats
% des personnes avec chaque résultat
Percentile par nombre de réponses
Votre historique - résultats
Vous n’avez pas pris ce quiz